| 000 | 00833nam a22002177i 4500 | ||
|---|---|---|---|
| 999 |
_c23131 _d23131 |
||
| 003 | AR-CdUCM | ||
| 008 | 241115b20222022 pe||||| |||| 00| 0 spa d | ||
| 020 | _a978-612-47305-7-3 | ||
| 040 |
_aMUNICIPALIDAD PROVINCIAL DEL CUSCO _cBIBLIOTECA MUNICIPAL DEL CUSCO |
||
| 041 | _hspa | ||
| 082 |
_a869.57 / P65 _bP65 |
||
| 100 |
_aPizarro, Elver _950824 |
||
| 245 | _aDura lex, sed lex y otros cuentos / | ||
| 260 |
_aCusco : _bSieteculebras Editores. _c2022 |
||
| 300 |
_a77 pƔginas. : _c21 cm. |
||
| 505 | _aDura lex, sed lex -- La muchacha misteriosa -- EntraƱable amistad con una viejecilla -- Los zapatos del cazador -- El profesor y la francesa -- Volviendo de Madrid -- Entre la farola y las enredaderas | ||
| 650 |
_aCuentos _950825 |
||
| 650 |
_aLiteratura _950826 |
||
| 942 |
_2ddc _cLIBROS |
||
| 945 |
_apbj _d15-11-2024 |
||